| 000 | 00536nam a2200181 i 4500 | ||
|---|---|---|---|
| 001 | 129174 | ||
| 003 | ES-MaACL | ||
| 005 | 20230906193442.0 | ||
| 007 | t| | ||
| 008 | 070607s1946 sp ||||1| spa d | ||
| 080 | _a621.3(022) | ||
| 100 | 1 |
_aTen Bosch, A. _9109682 |
|
| 245 | 1 | 0 |
_aCurso completo y fácil de electricidad práctica / _cA. Ten Bosch ; traducción y adaptación española. |
| 250 | _a3ª ed. | ||
| 260 |
_aBarcelona : _bOssó, _c[1946] |
||
| 300 |
_a471 p. : _bil. ; _c25 cm. |
||
| 852 |
_aES-MaACL _jC-4318 _bR.24259 |
||
| 999 |
_c129174 _d129174 |
||